Höchste Berge der Schweizer Kantone - Statistiken

Allgemein
  • Dieses Quiz wurde 49 mal gespielt
  • Das Durchschnittsergebnis liegt bei 6 aus 25
Antwortstatistiken
Bildquiz Hint Antwort % Korrekt
4634 m. / VS Dufourspitze
89%
4048 m. / GR Piz Bernina
67%
2502 m. / AR, AI Säntis
67%
3238 m. / OW Titlis
42%
3612 m. / GL Tödi
39%
1552 m. / NE Chasseral Ouest
28%
2348 m. / LU Brienzer Rothorn
25%
3630 m. / UR Dammastock
25%
4274 m. / BE Finsteraarhorn
22%
3247 m. / SG Ringelspitz
22%
1291 m. / ZH Schnebelhorn
22%
1580 m. / ZG Wildspitz
22%
3402 m. / TI Rheinwaldhorn
19%
2801 m. / SZ Bös Fulen
17%
522 m. / BS St. Chrischona
17%
1444 m. / SO Hasenmatt
14%
912 m. / SH Hage
11%
908 m. / AG Geissfluegrat
8%
3210 m. / VD Les Diablerets
8%
991 m. / TG Groot
6%
1169 m. / BL Hinteri Egg
6%
517 m. / GE Les Arales
6%
1302 m. / JU Mont Raimeux
6%
2900 m. / NW Rotstöckli
6%
2389 m. / FR Vanir Noir
6%
Keine übereinstimmenden Quizze gefunden
Verteilung der Resultate
Anzahl Personen mit jedem Resultat
Perzentil nach korrekt beantworteten Fragen
Ihre Resultats-Entwicklung
Sie haben dieses Quiz noch nicht gespielt